[Event "TeamRussiamenrapid"]
[Site "?"]
[Date "2016.10.05"]
[Round "1.20"]
[White "Gilyazov, Amir"]
[Black "Usmanov, Vasily"]
[Result "0-1"]
[LiveChessVersion "1.4.4"]
[BlackElo "2443"]
[WhiteElo "2055"]

1. d4 {[%clk 0:15:19]} Nf6 {[%clk 0:15:14]} 2. c4 {[%clk 0:15:27]} e6
{[%clk 0:15:22]} 3. Nc3 {[%clk 0:15:33]} Bb4 {[%clk 0:15:30]} 4. Qc2
{[%clk 0:15:38]} O-O {[%clk 0:15:29]} 5. a3 {[%clk 0:15:40]} Bxc3+ 6. Qxc3
{[%clk 0:15:49]} b6 {[%clk 0:15:41]} 7. Nf3 {[%clk 0:15:49]} Bb7 {[%clk 0:15:46]}
8. g3 {[%clk 0:15:43]} c5 {[%clk 0:15:09]} 9. dxc5 {[%clk 0:15:17]} Ne4
{[%clk 0:14:09]} 10. Qc2 {[%clk 0:15:10]} Nxc5 {[%clk 0:14:15]} 11. Bg2
{[%clk 0:15:01]} Be4 {[%clk 0:14:22]} 12. Qd1 {[%clk 0:14:42]} a5
{[%clk 0:14:10]} 13. Bf4 {[%clk 0:13:09]} Nc6 {[%clk 0:12:37]} 14. Bd6
{[%clk 0:11:05]} Re8 {[%clk 0:12:45]} 15. O-O {[%clk 0:11:13]} a4
{[%clk 0:09:49]} 16. b4 {[%clk 0:10:18]} axb3 {[%clk 0:09:44]} 17. Bxc5
{[%clk 0:10:26]} b2 {[%clk 0:09:18]} 18. Bd6 {[%clk 0:09:35]} bxa1=Q
{[%clk 0:08:41]} 19. Qxa1 {[%clk 0:09:44]} Qf6 {[%clk 0:07:22]} 20. Qc1
{[%clk 0:09:01]} Nd4 {[%clk 0:05:23]} 21. Nxd4 {[%clk 0:05:22]} Bxg2
{[%clk 0:05:31]} 22. Kxg2 {[%clk 0:05:31]} Qxd4 {[%clk 0:05:38]} 23. Qf4
{[%clk 0:04:36]} Qxf4 24. gxf4 {[%clk 0:04:45]} Rec8 {[%clk 0:05:55]} 25. Rb1
{[%clk 0:04:37]} Rc6 {[%clk 0:05:31]} 26. Be7 {[%clk 0:03:46]} Re8
{[%clk 0:04:27]} 27. Bh4 {[%clk 0:02:49]} f6 {[%clk 0:04:35]} 28. Rd1
{[%clk 0:02:36]} d6 {[%clk 0:04:43]} 29. f3 {[%clk 0:01:30]} Ra8 {[%clk 0:04:46]}
30. Rd3 {[%clk 0:01:36]} Ra4 {[%clk 0:04:43]} 31. Bf2 {[%clk 0:01:35]} Raxc4
{[%clk 0:04:49]} 32. Rb3 {[%clk 0:01:44]} Rc3 {[%clk 0:04:40]} 33. Rxc3
{[%clk 0:01:40]} Rxc3 {[%clk 0:04:48]} 34. Bxb6 {[%clk 0:01:49]} Rxa3
{[%clk 0:04:56]} 35. Kf2 {[%clk 0:01:49]} Kf7 {[%clk 0:05:04]} 36. Bd4
{[%clk 0:01:44]} Ra4 {[%clk 0:05:12]} 37. Be3 {[%clk 0:01:52]} Kg6
{[%clk 0:05:20]} 38. Kg3 {[%clk 0:01:57]} Kf5 {[%clk 0:05:27]} 39. h3
{[%clk 0:02:02]} d5 {[%clk 0:05:35]} 40. Bc1 {[%clk 0:01:46]} Rc4
{[%clk 0:05:40]} 41. Be3 {[%clk 0:01:52]} h5 {[%clk 0:05:45]} 42. h4
{[%clk 0:02:00]} Ra4 {[%clk 0:05:38]} 43. Bc1 {[%clk 0:02:06]} Rd4
{[%clk 0:05:40]} 44. Be3 {[%clk 0:02:09]} Rc4 {[%clk 0:05:48]} 0-1

[Event "TeamRussiamenrapid"]
[Site "?"]
[Date "2016.10.05"]
[Round "2.1"]
[White "Rakhmanov, Aleksandr"]
[Black "Morozevich, Alexander"]
[Result "1/2-1/2"]
[LiveChessVersion "1.4.4"]
[BlackElo "2716"]
[WhiteElo "2528"]

1. c4 {[%clk 0:15:08]} g6 {[%clk 0:15:02]} 2. Nc3 {[%clk 0:15:12]} c5
{[%clk 0:15:03]} 3. g3 {[%clk 0:15:20]} Bg7 {[%clk 0:15:12]} 4. Bg2
{[%clk 0:15:28]} Nc6 {[%clk 0:15:21]} 5. e3 {[%clk 0:15:23]} e6 {[%clk 0:14:42]}
6. Nge2 {[%clk 0:15:30]} Nge7 {[%clk 0:14:51]} 7. d4 {[%clk 0:15:32]} cxd4
{[%clk 0:14:59]} 8. Nxd4 {[%clk 0:15:15]} O-O {[%clk 0:13:36]} 9. O-O
{[%clk 0:15:19]} d5 {[%clk 0:13:05]} 10. cxd5 {[%clk 0:14:57]} Nxd4
{[%clk 0:13:14]} 11. exd4 {[%clk 0:14:54]} Nxd5 {[%clk 0:13:23]} 12. Nxd5
{[%clk 0:14:55]} exd5 {[%clk 0:13:32]} 13. Qb3 {[%clk 0:14:46]} Be6
{[%clk 0:13:15]} 14. Be3 {[%clk 0:14:17]} Qd7 {[%clk 0:12:50]} 15. Rac1
{[%clk 0:13:42]} Rfc8 {[%clk 0:12:36]} 16. h4 {[%clk 0:12:36]} h5
{[%clk 0:12:35]} 17. Kh2 {[%clk 0:11:52]} Bf6 {[%clk 0:10:06]} 18. Qd3
{[%clk 0:10:29]} Qa4 {[%clk 0:08:50]} 19. a3 {[%clk 0:09:26]} Bg7
{[%clk 0:08:58]} 20. Qd2 {[%clk 0:09:21]} Qb3 {[%clk 0:08:01]} 21. Rxc8+
{[%clk 0:09:07]} Rxc8 {[%clk 0:08:10]} 22. Rc1 {[%clk 0:09:15]} Rxc1
{[%clk 0:07:48]} 23. Qxc1 {[%clk 0:09:23]} b6 {[%clk 0:07:39]} 24. Qd2
{[%clk 0:07:13]} a5 {[%clk 0:06:55]} 25. Qc1 {[%clk 0:07:21]} b5 {[%clk 0:06:12]}
26. Qd2 {[%clk 0:07:30]} b4 {[%clk 0:06:10]} 27. axb4 {[%clk 0:07:35]} axb4
{[%clk 0:06:19]} 28. Bf3 {[%clk 0:07:09]} Bg4 {[%clk 0:05:03]} 29. Bxg4
{[%clk 0:07:04]} hxg4 {[%clk 0:05:12]} 30. Qe2 {[%clk 0:07:13]} f5
{[%clk 0:05:09]} 31. Qa6 {[%clk 0:06:41]} Kh7 {[%clk 0:04:59]} 32. Qe6
{[%clk 0:06:09]} Qc2 {[%clk 0:04:15]} 33. Qxd5 {[%clk 0:03:55]} b3
{[%clk 0:04:09]} 34. h5 {[%clk 0:02:56]} gxh5 {[%clk 0:03:25]} 35. Qf7
{[%clk 0:03:03]} h4 {[%clk 0:02:33]} 36. Qh5+ {[%clk 0:00:23]} Kg8
{[%clk 0:02:42]} 37. Qe8+ {[%clk 0:00:32]} Kh7 {[%clk 0:02:50]} 1/2-1/2

[Event "TeamRussiamenrapid"]
[Site "?"]
[Date "2016.10.05"]
[Round "2.2"]
[White "Dreev, Aleksey"]
[Black "Rozum, Ivan"]
[Result "1/2-1/2"]
[LiveChessVersion "1.4.4"]
[BlackElo "2608"]
[WhiteElo "2690"]

1. d4 {[%clk 0:15:14]} Nf6 {[%clk 0:15:01]} 2. Nf3 {[%clk 0:15:22]} e6
{[%clk 0:14:58]} 3. c4 {[%clk 0:15:29]} Bb4+ {[%clk 0:14:50]} 4. Nbd2
{[%clk 0:15:24]} O-O {[%clk 0:14:52]} 5. a3 {[%clk 0:15:32]} Be7 {[%clk 0:15:00]}
6. e3 {[%clk 0:15:32]} d5 {[%clk 0:14:26]} 7. b4 {[%clk 0:15:24]} b6
{[%clk 0:13:12]} 8. cxd5 {[%clk 0:13:31]} exd5 {[%clk 0:13:17]} 9. Bb2
{[%clk 0:13:30]} Bb7 {[%clk 0:13:07]} 10. Bd3 {[%clk 0:13:28]} Nbd7
{[%clk 0:13:08]} 11. b5 {[%clk 0:12:37]} Bd6 {[%clk 0:12:09]} 12. a4
{[%clk 0:12:00]} a6 {[%clk 0:12:03]} 13. O-O {[%clk 0:10:58]} Qe7
{[%clk 0:12:04]} 14. Qb3 {[%clk 0:11:03]} axb5 {[%clk 0:11:10]} 15. axb5
{[%clk 0:11:05]} Ne4 {[%clk 0:11:12]} 16. Rfc1 {[%clk 0:10:44]} Rfe8
{[%clk 0:10:14]} 17. Rxa8 {[%clk 0:10:16]} Rxa8 {[%clk 0:10:06]} 18. Nb1
{[%clk 0:08:48]} Ndf6 {[%clk 0:08:26]} 19. h3 {[%clk 0:07:28]} Nd7
{[%clk 0:06:05]} 20. Nc3 {[%clk 0:07:01]} Nxc3 {[%clk 0:06:13]} 21. Qxc3
{[%clk 0:06:52]} Nf6 {[%clk 0:04:45]} 22. Ne5 {[%clk 0:06:48]} Qf8
{[%clk 0:04:07]} 23. Qc2 {[%clk 0:05:02]} Qe7 {[%clk 0:04:01]} 24. Bc3
{[%clk 0:04:06]} g6 {[%clk 0:03:58]} 25. Bb2 {[%clk 0:03:38]} Qf8
{[%clk 0:03:36]} 26. Qb3 {[%clk 0:03:40]} Qe7 {[%clk 0:03:34]} 27. Bb1
{[%clk 0:03:21]} Qe6 {[%clk 0:03:13]} 28. Bc3 {[%clk 0:02:31]} Qe7
{[%clk 0:03:11]} 29. Nd3 {[%clk 0:02:23]} Ra3 {[%clk 0:02:33]} 30. Qb2
{[%clk 0:02:15]} Ra4 {[%clk 0:02:19]} 31. Qb3 {[%clk 0:02:11]} Ra3
{[%clk 0:02:27]} 32. Qb2 {[%clk 0:01:38]} Ra4 {[%clk 0:02:35]} 33. Qb3
{[%clk 0:01:32]} Ra3 {[%clk 0:02:43]} 1/2-1/2

[Event "TeamRussiamenrapid"]
[Site "?"]
[Date "2016.10.05"]
[Round "2.3"]
[White "Moiseenko, Vadim"]
[Black "Popov, Ivan"]
[Result "1-0"]
[LiveChessVersion "1.4.4"]
[BlackElo "2695"]
[WhiteElo "2463"]

1. e4 {[%clk 0:15:07]} e6 {[%clk 0:15:04]} 2. d4 {[%clk 0:15:15]} d5
{[%clk 0:15:12]} 3. Nc3 {[%clk 0:15:24]} Nf6 {[%clk 0:15:21]} 4. e5
{[%clk 0:15:34]} Nfd7 {[%clk 0:15:30]} 5. f4 {[%clk 0:15:43]} c5 {[%clk 0:15:38]}
6. Nf3 {[%clk 0:15:52]} Be7 {[%clk 0:15:47]} 7. Be3 {[%clk 0:16:01]} b6
{[%clk 0:15:56]} 8. Qd2 {[%clk 0:16:07]} Nc6 {[%clk 0:15:54]} 9. Bb5
{[%clk 0:16:11]} Bb7 {[%clk 0:16:01]} 10. Bxc6 {[%clk 0:16:01]} Bxc6
{[%clk 0:16:09]} 11. h4 {[%clk 0:16:01]} O-O {[%clk 0:15:03]} 12. Ng5
{[%clk 0:15:15]} Re8 {[%clk 0:07:38]} 13. Qd3 {[%clk 0:14:27]} Nf8
{[%clk 0:07:46]} 14. g4 {[%clk 0:14:35]} cxd4 {[%clk 0:06:42]} 15. Bxd4
{[%clk 0:14:41]} b5 {[%clk 0:06:12]} 16. Ne2 {[%clk 0:13:07]} b4 {[%clk 0:06:12]}
17. O-O-O {[%clk 0:10:36]} Qa5 {[%clk 0:04:07]} 18. Kb1 {[%clk 0:10:45]} Bb5
{[%clk 0:04:12]} 19. Qe3 {[%clk 0:10:54]} Rac8 {[%clk 0:03:21]} 20. Nc1
{[%clk 0:10:53]} Ba4 {[%clk 0:03:01]} 21. Rh2 {[%clk 0:10:22]} Bc5
{[%clk 0:03:01]} 22. f5 {[%clk 0:09:41]} Bxd4 {[%clk 0:03:02]} 23. Rxd4
{[%clk 0:09:45]} exf5 {[%clk 0:02:56]} 24. gxf5 {[%clk 0:09:52]} Qc7
{[%clk 0:02:46]} 25. b3 {[%clk 0:09:19]} Rxe5 {[%clk 0:02:54]} 26. Qd2
{[%clk 0:08:36]} Bd7 {[%clk 0:02:35]} 27. f6 {[%clk 0:08:44]} Bf5
{[%clk 0:02:00]} 28. fxg7 {[%clk 0:08:04]} Ne6 {[%clk 0:02:09]} 29. Rxb4
{[%clk 0:07:44]} Nxg5 {[%clk 0:00:24]} 30. hxg5 {[%clk 0:07:50]} Re1
{[%clk 0:00:29]} 31. Rf4 {[%clk 0:03:29]} Bxc2+ {[%clk 0:00:33]} 32. Kb2
{[%clk 0:03:29]} Rd1 {[%clk 0:00:26]} 33. Rc4 {[%clk 0:00:31]} dxc4
{[%clk 0:00:26]} 34. Qxc2 {[%clk 0:00:40]} Qe5+ {[%clk 0:00:25]} 35. Ka3
{[%clk 0:00:48]} Qd6+ {[%clk 0:00:20]} 36. b4 {[%clk 0:00:51]} Qg3+
{[%clk 0:00:16]} 37. Ka4 {[%clk 0:00:59]} Qxh2 {[%clk 0:00:15]} 38. Qxh2
{[%clk 0:01:03]} Rxc1 {[%clk 0:00:25]} 39. g6 {[%clk 0:00:46]} fxg6
{[%clk 0:00:28]} 40. Qe5 {[%clk 0:00:44]} Rf1 {[%clk 0:00:29]} 41. Qe6+
{[%clk 0:00:53]} Kxg7 {[%clk 0:00:36]} 42. Qxc8 {[%clk 0:01:02]} g5
{[%clk 0:00:37]} 43. Qxc4 {[%clk 0:00:59]} Rf7 {[%clk 0:00:40]} 44. Qg4
{[%clk 0:00:47]} Kg6 {[%clk 0:00:46]} 45. Qe6+ {[%clk 0:00:53]} Kg7
{[%clk 0:00:52]} 46. Kb3 {[%clk 0:00:38]} h5 {[%clk 0:00:55]} 47. a4
{[%clk 0:00:46]} g4 {[%clk 0:00:45]} 48. a5 {[%clk 0:00:47]} Rf6 {[%clk 0:00:41]}
49. Qe7+ {[%clk 0:00:47]} Kg6 {[%clk 0:00:50]} 50. Qxa7 {[%clk 0:00:54]} g3
{[%clk 0:00:58]} 51. Qg1 {[%clk 0:00:43]} h4 {[%clk 0:01:04]} 52. b5
{[%clk 0:00:42]} Rf3+ {[%clk 0:01:02]} 53. Kc4 {[%clk 0:00:45]} h3
{[%clk 0:01:10]} 54. b6 {[%clk 0:00:43]} Rf4+ {[%clk 0:00:35]} 55. Kc3
{[%clk 0:00:29]} Rf3+ {[%clk 0:00:35]} 56. Kc2 {[%clk 0:00:19]} h2
{[%clk 0:00:42]} 57. Qh1 {[%clk 0:00:15]} Rf2+ {[%clk 0:00:19]} 58. Kc3
{[%clk 0:00:24]} Kg5 {[%clk 0:00:11]} 59. b7 {[%clk 0:00:33]} Rf8
{[%clk 0:00:20]} 60. a6 {[%clk 0:00:36]} Kg4 {[%clk 0:00:27]} 61. a7
{[%clk 0:00:44]} Rf3+ {[%clk 0:00:25]} 62. Qxf3+ {[%clk 0:00:43]} Kxf3
{[%clk 0:00:34]} 63. b8=Q {[%clk 0:00:51]} 1-0

[Event "TeamRussiamenrapid"]
[Site "?"]
[Date "2016.10.05"]
[Round "2.4"]
[White "Motylev, Alexander"]
[Black "Gochelashvili, David"]
[Result "1-0"]
[LiveChessVersion "1.4.4"]
[BlackElo "2445"]
[WhiteElo "2669"]

1. e4 {[%clk 0:15:17]} c5 {[%clk 0:15:08]} 2. Nf3 {[%clk 0:15:25]} d6
{[%clk 0:15:15]} 3. d4 {[%clk 0:15:33]} Nf6 {[%clk 0:15:24]} 4. Nc3
{[%clk 0:15:41]} cxd4 {[%clk 0:15:32]} 5. Nxd4 {[%clk 0:15:50]} g6
{[%clk 0:15:41]} 6. Be3 {[%clk 0:15:55]} Bg7 {[%clk 0:15:50]} 7. f3
{[%clk 0:15:59]} O-O {[%clk 0:15:57]} 8. Qd2 {[%clk 0:16:08]} Nc6
{[%clk 0:16:05]} 9. O-O-O {[%clk 0:16:15]} d5 {[%clk 0:16:11]} 10. exd5
{[%clk 0:16:16]} Nxd5 {[%clk 0:16:20]} 11. Nxc6 {[%clk 0:16:24]} bxc6
{[%clk 0:16:28]} 12. Bd4 {[%clk 0:16:33]} Bxd4 {[%clk 0:16:36]} 13. Qxd4
{[%clk 0:16:42]} Qb6 {[%clk 0:16:43]} 14. Na4 {[%clk 0:16:24]} Qa5
{[%clk 0:16:46]} 15. b3 {[%clk 0:16:08]} Qc7 {[%clk 0:16:53]} 16. Bc4
{[%clk 0:15:39]} Rd8 {[%clk 0:16:50]} 17. Rhe1 {[%clk 0:14:28]} Bf5
{[%clk 0:09:57]} 18. Qe5 {[%clk 0:13:07]} Rd6 {[%clk 0:09:41]} 19. g4
{[%clk 0:12:28]} Be6 {[%clk 0:09:43]} 20. Nc5 {[%clk 0:11:19]} Qa5
{[%clk 0:08:31]} 21. Nb7 {[%clk 0:10:37]} Qxa2 {[%clk 0:04:48]} 22. Nxd6
{[%clk 0:10:08]} exd6 {[%clk 0:04:25]} 23. Qb2 {[%clk 0:10:08]} Qa5
{[%clk 0:04:34]} 24. Bxd5 {[%clk 0:10:15]} Bxd5 {[%clk 0:04:41]} 25. Re3
{[%clk 0:10:10]} Qc5 {[%clk 0:03:46]} 26. Rde1 {[%clk 0:07:39]} Be6
{[%clk 0:03:55]} 27. f4 {[%clk 0:07:48]} Rd8 {[%clk 0:03:03]} 28. f5
{[%clk 0:06:29]} gxf5 {[%clk 0:02:45]} 29. Qf6 {[%clk 0:06:14]} Rf8
{[%clk 0:02:42]} 30. Qg5+ {[%clk 0:04:06]} Kh8 {[%clk 0:02:51]} 31. Qh6
{[%clk 0:04:11]} Kg8 {[%clk 0:02:17]} 32. Rh3 {[%clk 0:03:29]} Re8
{[%clk 0:00:19]} 33. gxf5 {[%clk 0:03:06]} 1-0

[Event "TeamRussiamenrapid"]
[Site "?"]
[Date "2016.10.05"]
[Round "2.5"]
[White "Fedoseev, Vladimir"]
[Black "Tregubov, Pavel V."]
[Result "1-0"]
[LiveChessVersion "1.4.4"]
[BlackElo "2580"]
[WhiteElo "2740"]

1. f4 {[%clk 0:15:19]} d5 {[%clk 0:15:16]} 2. Nf3 {[%clk 0:15:27]} Nf6
{[%clk 0:15:25]} 3. e3 {[%clk 0:15:37]} g6 {[%clk 0:15:30]} 4. b4
{[%clk 0:15:46]} Bg7 {[%clk 0:14:57]} 5. Bb2 {[%clk 0:15:54]} O-O
{[%clk 0:15:06]} 6. Be2 {[%clk 0:15:55]} Bg4 {[%clk 0:14:57]} 7. O-O
{[%clk 0:15:52]} Nbd7 {[%clk 0:15:03]} 8. a4 {[%clk 0:15:56]} c6 {[%clk 0:15:06]}
9. Na3 {[%clk 0:15:01]} Qc7 {[%clk 0:14:21]} 10. c4 {[%clk 0:13:26]} Bxf3
{[%clk 0:13:40]} 11. Bxf3 {[%clk 0:13:24]} e5 {[%clk 0:13:42]} 12. g3
{[%clk 0:13:17]} Rfe8 {[%clk 0:12:39]} 13. cxd5 {[%clk 0:12:51]} Nxd5
{[%clk 0:12:23]} 14. Nb5 {[%clk 0:12:28]} cxb5 {[%clk 0:11:05]} 15. Bxd5
{[%clk 0:12:35]} Nb6 {[%clk 0:11:14]} 16. Ba2 {[%clk 0:12:38]} e4
{[%clk 0:09:57]} 17. Bxg7 Kxg7 {[%clk 0:10:07]} 18. f5 {[%clk 0:12:37]} f6
{[%clk 0:09:54]} 19. axb5 {[%clk 0:12:33]} Qd6 {[%clk 0:08:08]} 20. Qb3
{[%clk 0:10:30]} Re7 {[%clk 0:07:51]} 21. Rf2 {[%clk 0:09:16]} Rc8
{[%clk 0:06:30]} 22. fxg6 hxg6 {[%clk 0:06:39]} 23. Raf1 {[%clk 0:08:22]} Rf8
{[%clk 0:05:44]} 24. Qc3 {[%clk 0:07:41]} Re5 {[%clk 0:05:15]} 25. Bb1
{[%clk 0:07:15]} Rc8 {[%clk 0:04:37]} 26. Qa1 {[%clk 0:07:23]} Nc4
{[%clk 0:04:32]} 27. Rxf6 {[%clk 0:05:28]} Qxf6 {[%clk 0:03:46]} 28. Rxf6
{[%clk 0:05:36]} Kxf6 {[%clk 0:03:55]} 29. Qd4 {[%clk 0:05:33]} Na3
{[%clk 0:01:12]} 30. Bxe4 {[%clk 0:04:49]} Nxb5 {[%clk 0:01:21]} 31. Qd3
{[%clk 0:04:57]} Ke6 {[%clk 0:00:34]} 32. Bxb7 {[%clk 0:04:47]} Kd5
{[%clk 0:15:10]} 1-0

[Event "TeamRussiamenrapid"]
[Site "?"]
[Date "2016.10.05"]
[Round "2.7"]
[White "Predke, Alexandr"]
[Black "Bryzgalin, Kirill"]
[Result "0-1"]
[LiveChessVersion "1.4.4"]
[BlackElo "2574"]
[WhiteElo "2618"]

1. e4 {[%clk 0:15:14]} e5 {[%clk 0:15:19]} 2. Nf3 {[%clk 0:15:22]} Nc6
{[%clk 0:15:27]} 3. Bb5 {[%clk 0:15:30]} a6 {[%clk 0:15:36]} 4. Ba4
{[%clk 0:15:38]} Nf6 {[%clk 0:15:44]} 5. O-O {[%clk 0:15:41]} Be7
{[%clk 0:15:53]} 6. d3 {[%clk 0:15:49]} d6 {[%clk 0:15:46]} 7. c3
{[%clk 0:15:54]} O-O {[%clk 0:15:51]} 8. Re1 {[%clk 0:15:58]} b5 {[%clk 0:15:48]}
9. Bc2 {[%clk 0:16:04]} Nd7 {[%clk 0:15:06]} 10. d4 {[%clk 0:15:20]} Nb6
{[%clk 0:15:12]} 11. h3 {[%clk 0:14:52]} Re8 {[%clk 0:14:59]} 12. Nbd2
{[%clk 0:14:29]} a5 {[%clk 0:14:47]} 13. Nf1 {[%clk 0:12:38]} a4 {[%clk 0:13:59]}
14. Ng3 {[%clk 0:11:45]} Bf8 {[%clk 0:12:53]} 15. Bd3 {[%clk 0:11:06]} Na7 16.
Bg5 {[%clk 0:11:03]} f6 {[%clk 0:10:26]} 17. Be3 {[%clk 0:10:16]} Rb8 18. d5 c6
{[%clk 0:08:44]} 19. dxc6 {[%clk 0:08:29]} Qc7 {[%clk 0:08:52]} 20. c4
{[%clk 0:08:00]} Nxc4 {[%clk 0:06:52]} 21. Bxc4+ {[%clk 0:08:09]} bxc4
{[%clk 0:07:00]} 22. Qxa4 {[%clk 0:08:17]} Nxc6 {[%clk 0:07:01]} 23. Qxc4+
{[%clk 0:08:25]} Be6 {[%clk 0:07:10]} 24. Qc3 {[%clk 0:08:27]} Qb7
{[%clk 0:06:50]} 25. b3 {[%clk 0:07:53]} Rec8 {[%clk 0:06:46]} 26. Nd2
{[%clk 0:07:20]} Nb4 {[%clk 0:04:50]} 27. Nc4 {[%clk 0:07:27]} d5
{[%clk 0:04:42]} 28. exd5 {[%clk 0:07:35]} Bxd5 {[%clk 0:04:51]} 29. f3
{[%clk 0:07:25]} Bxc4 {[%clk 0:04:47]} 30. bxc4 {[%clk 0:07:34]} Nd5
{[%clk 0:04:56]} 31. Qd3 {[%clk 0:06:21]} Nxe3 32. Rxe3 {[%clk 0:06:29]} Bc5
{[%clk 0:04:52]} 33. Ne4 {[%clk 0:06:31]} Bxe3+ {[%clk 0:04:35]} 34. Qxe3
{[%clk 0:06:39]} Rxc4 {[%clk 0:04:15]} 35. Kh2 {[%clk 0:06:00]} Rc2
{[%clk 0:03:28]} 36. Rg1 {[%clk 0:04:26]} Rxa2 {[%clk 0:03:28]} 37. Qd3
{[%clk 0:04:35]} Qf7 {[%clk 0:02:49]} 38. Rc1 {[%clk 0:04:39]} Ra7
{[%clk 0:02:26]} 39. Rc6 {[%clk 0:04:16]} Rd7 {[%clk 0:02:10]} 40. Qc3
{[%clk 0:03:56]} Rbd8 {[%clk 0:02:05]} 41. Qc5 {[%clk 0:03:07]} h5
{[%clk 0:01:53]} 42. Qb6 {[%clk 0:03:01]} Rf8 {[%clk 0:01:53]} 43. Nc5
{[%clk 0:02:35]} Re7 {[%clk 0:01:55]} 44. Rd6 {[%clk 0:02:18]} Kh8
{[%clk 0:01:46]} 45. Qb4 {[%clk 0:01:58]} Qg6 {[%clk 0:01:45]} 46. Ne4
{[%clk 0:01:22]} Rfe8 {[%clk 0:01:33]} 47. Rb6 {[%clk 0:01:17]} Rd7
{[%clk 0:01:25]} 48. Qb5 {[%clk 0:01:26]} Rde7 {[%clk 0:00:57]} 49. Qc5
{[%clk 0:01:25]} Qf5 {[%clk 0:00:43]} 50. h4 {[%clk 0:00:49]} Qf4+
{[%clk 0:00:37]} 51. Kh3 {[%clk 0:00:58]} Rd7 {[%clk 0:00:38]} 52. Ng3
{[%clk 0:00:35]} Rd4 {[%clk 0:00:38]} 53. Ne4 {[%clk 0:00:38]} Rxe4
{[%clk 0:00:42]} 54. fxe4 {[%clk 0:00:45]} Qg4+ {[%clk 0:00:52]} 55. Kh2
{[%clk 0:00:54]} Qxh4+ {[%clk 0:01:01]} 56. Kg1 {[%clk 0:01:03]} Qxe4
{[%clk 0:01:00]} 57. Rb4 {[%clk 0:01:09]} Qf5 {[%clk 0:00:58]} 58. Rh4
{[%clk 0:00:56]} Qg5 {[%clk 0:00:56]} 59. Rh3 {[%clk 0:00:27]} Rd8
{[%clk 0:00:56]} 60. Qc2 {[%clk 0:00:35]} Rd4 {[%clk 0:00:43]} 61. Rc3
{[%clk 0:00:22]} e4 {[%clk 0:00:40]} 62. Rc8+ {[%clk 0:00:28]} Kh7
{[%clk 0:00:49]} 63. Qb3 {[%clk 0:00:37]} Qd5 {[%clk 0:00:52]} 64. Qb8
{[%clk 0:00:14]} Rd1+ {[%clk 0:00:58]} 65. Kh2 {[%clk 0:00:24]} Qd6+
{[%clk 0:01:05]} 0-1

[Event "TeamRussiamenrapid"]
[Site "?"]
[Date "2016.10.05"]
[Round "2.8"]
[White "Oganian, Miran"]
[Black "Lugovskoy, Maxim"]
[Result "1/2-1/2"]
[LiveChessVersion "1.4.4"]
[BlackElo "2491"]
[WhiteElo "2480"]

1. c4 {[%clk 0:14:42]} e6 {[%clk 0:15:18]} 2. Nf3 {[%clk 0:14:50]} d5
{[%clk 0:15:27]} 3. g3 {[%clk 0:14:49]} Nf6 {[%clk 0:15:00]} 4. Bg2
{[%clk 0:14:57]} Be7 {[%clk 0:14:40]} 5. O-O {[%clk 0:15:03]} O-O
{[%clk 0:14:48]} 6. d4 {[%clk 0:14:58]} dxc4 {[%clk 0:14:56]} 7. Qc2
{[%clk 0:14:54]} a6 {[%clk 0:15:04]} 8. Qxc4 {[%clk 0:14:47]} b5 {[%clk 0:15:12]}
9. Qc2 {[%clk 0:14:55]} Bb7 {[%clk 0:15:21]} 10. Nbd2 {[%clk 0:14:35]} Nbd7
{[%clk 0:14:22]} 11. Nb3 {[%clk 0:14:41]} c5 {[%clk 0:12:54]} 12. Nxc5
{[%clk 0:11:29]} Nxc5 {[%clk 0:12:54]} 13. dxc5 {[%clk 0:11:36]} Be4
{[%clk 0:12:26]} 14. Qc3 {[%clk 0:11:24]} Rc8 {[%clk 0:11:24]} 15. b4
{[%clk 0:10:14]} a5 {[%clk 0:10:05]} 16. a3 {[%clk 0:09:54]} Nd5 {[%clk 0:09:58]}
17. Qd2 {[%clk 0:09:26]} Qc7 {[%clk 0:06:50]} 18. Bb2 {[%clk 0:07:16]} Rfd8
{[%clk 0:06:59]} 19. Qe1 {[%clk 0:05:37]} Bf6 {[%clk 0:05:23]} 20. Bxf6
{[%clk 0:04:57]} Nxf6 {[%clk 0:05:31]} 21. Qc3 {[%clk 0:04:47]} Nd5
{[%clk 0:04:48]} 22. Qb2 {[%clk 0:04:23]} Qe7 {[%clk 0:04:19]} 23. Nd2
{[%clk 0:02:42]} Bxg2 {[%clk 0:04:16]} 24. Kxg2 {[%clk 0:02:51]} axb4
{[%clk 0:03:28]} 25. axb4 Qf6 26. Qxf6 {[%clk 0:02:31]} gxf6 {[%clk 0:03:46]} 27.
Ne4 {[%clk 0:02:27]} Nxb4 {[%clk 0:03:36]} 28. Rab1 {[%clk 0:01:40]} Rd4
{[%clk 0:02:25]} 29. Nxf6+ {[%clk 0:01:40]} Kg7 {[%clk 0:02:34]} 30. e3
{[%clk 0:01:48]} Rc4 {[%clk 0:02:34]} 31. Nd7 {[%clk 0:01:57]} Nd5
{[%clk 0:02:02]} 32. Rxb5 {[%clk 0:01:30]} Rc7 {[%clk 0:01:44]} 33. Nb6
{[%clk 0:00:58]} R7xc5 {[%clk 0:01:51]} 34. Rxc5 {[%clk 0:01:03]} Rxc5 35. Nxd5
{[%clk 0:01:11]} Rxd5 {[%clk 0:02:10]} 36. g4 {[%clk 0:01:20]} h5
{[%clk 0:02:18]} 37. gxh5 {[%clk 0:00:50]} Rxh5 {[%clk 0:02:27]} 38. Rc1
{[%clk 0:00:34]} Rg5+ {[%clk 0:02:25]} 39. Kf3 {[%clk 0:00:37]} Rh5
{[%clk 0:02:34]} 40. Rg1+ {[%clk 0:00:33]} Kf6 {[%clk 0:02:17]} 41. Rg2
{[%clk 0:00:41]} Kf5 {[%clk 0:01:57]} 42. e4+ {[%clk 0:00:32]} Ke5
{[%clk 0:02:01]} 43. Ke3 {[%clk 0:00:39]} Rh3+ {[%clk 0:02:09]} 44. f3
{[%clk 0:00:42]} f5 {[%clk 0:02:16]} 45. exf5 {[%clk 0:00:49]} Kxf5
{[%clk 0:02:17]} 46. Kf2 {[%clk 0:00:29]} e5 {[%clk 0:02:26]} 1/2-1/2

[Event "TeamRussiamenrapid"]
[Site "?"]
[Date "2016.10.05"]
[Round "2.9"]
[White "Potapov, Pavel"]
[Black "Artemiev, Vladislav"]
[Result "0-1"]
[LiveChessVersion "1.4.4"]
[BlackElo "2701"]
[WhiteElo "2503"]

1. e4 {[%clk 0:15:19]} g6 {[%clk 0:15:01]} 2. Nc3 {[%clk 0:15:19]} Bg7
{[%clk 0:15:08]} 3. h4 {[%clk 0:15:27]} c5 {[%clk 0:15:05]} 4. h5
{[%clk 0:15:24]} Nc6 {[%clk 0:15:12]} 5. d3 {[%clk 0:15:02]} d6 {[%clk 0:14:38]}
6. h6 {[%clk 0:14:37]} Bxc3+ {[%clk 0:13:51]} 7. bxc3 {[%clk 0:14:45]} Nf6
{[%clk 0:13:52]} 8. Nf3 {[%clk 0:13:49]} Bg4 {[%clk 0:13:52]} 9. Be2
{[%clk 0:12:34]} Qa5 {[%clk 0:10:51]} 10. Bd2 {[%clk 0:12:38]} Bxf3
{[%clk 0:09:25]} 11. Bxf3 {[%clk 0:12:39]} O-O-O {[%clk 0:09:19]} 12. O-O
{[%clk 0:09:18]} Rhg8 {[%clk 0:08:41]} 13. Qc1 {[%clk 0:08:22]} c4
{[%clk 0:06:52]} 14. a4 {[%clk 0:05:54]} g5 {[%clk 0:06:45]} 15. Qb2
{[%clk 0:04:05]} g4 {[%clk 0:06:36]} 16. Be2 {[%clk 0:03:42]} Nd4
{[%clk 0:05:13]} 17. cxd4 {[%clk 0:02:42]} Qxd2 {[%clk 0:05:20]} 18. Rfb1
{[%clk 0:02:26]} Rd7 {[%clk 0:05:27]} 19. c3 {[%clk 0:02:21]} Qxh6
{[%clk 0:05:17]} 20. g3 {[%clk 0:02:29]} cxd3 {[%clk 0:04:06]} 21. Bxd3
{[%clk 0:02:35]} Rg5 {[%clk 0:04:14]} 22. Qc1 {[%clk 0:02:03]} e5
{[%clk 0:03:42]} 23. Qe3 {[%clk 0:01:28]} Rh5 {[%clk 0:03:41]} 24. Qxh6
{[%clk 0:01:34]} Rxh6 {[%clk 0:03:49]} 25. Kg2 {[%clk 0:01:32]} Rc7
{[%clk 0:03:48]} 26. Ra3 {[%clk 0:01:29]} Rg6 {[%clk 0:03:42]} 27. a5
{[%clk 0:01:38]} Rg8 {[%clk 0:03:30]} 28. Rh1 {[%clk 0:01:17]} h5
{[%clk 0:03:34]} 29. Rb3 {[%clk 0:01:00]} Kb8 {[%clk 0:03:19]} 30. Rhb1
{[%clk 0:01:03]} Ka8 {[%clk 0:03:22]} 31. Kf1 {[%clk 0:00:46]} Re8
{[%clk 0:03:16]} 32. d5 {[%clk 0:00:17]} Rh8 {[%clk 0:03:04]} 33. a6
{[%clk 0:00:23]} b6 {[%clk 0:03:12]} 34. Ke2 {[%clk 0:00:29]} h4 {[%clk 0:03:15]}
35. gxh4 {[%clk 0:00:37]} Rxh4 {[%clk 0:03:21]} 36. Rb4 {[%clk 0:00:37]} Rxc3
{[%clk 0:02:54]} 37. Kd2 {[%clk 0:00:46]} Rc5 {[%clk 0:02:55]} 38. Bb5
{[%clk 0:00:50]} Rh2 {[%clk 0:02:51]} 39. Bc6+ {[%clk 0:00:58]} Kb8
{[%clk 0:02:58]} 40. Ra4 {[%clk 0:00:31]} Kc7 {[%clk 0:02:55]} 41. Ke3
{[%clk 0:00:36]} Rc3+ {[%clk 0:02:58]} 42. Kd4 0-1